Statistiken für Ballon d'Or 1986

Klicken Sie hier um das Quiz zu spielen!

Allgemein

  • Dieses Quiz wurde 23 mal gespielt
  • Das Durchschnittsergebnis liegt bei 11 aus 27

Antwortstatistiken

PlatzSpielerVerein/eNationPunkte% Korrekt
8.Marco van BastenAjax AmsterdamNiederlande10
86%
26.Michael LaudrupJuventus TurinDänemark1
77%
2.Gary LinekerFC Everton/FC BarcelonaEngland62
73%
11.Jean-Marie PfaffFC Bayern MünchenBelgien8
73%
11.Michel PlatiniJuventus TurinFrankreich8
73%
24.Lothar MatthäusFC Bayern MünchenDeutschland2
68%
26.Rudi VöllerSV Werder BremenDeutschland1
68%
17.Ruud GullitPSV EindhovenNiederlande4
64%
17.Toni Schumacher1.FC KölnDeutschland4
59%
6.Ian RushFC LiverpoolWales20
55%
24.Karlheinz FörsterVfB Stuttgart/Olympique MarseilleDeutschland2
50%
15.Morten OlsenRSC Anderlecht/1.FC KölnDänemark6
50%
13.Sören LerbyFC Bayern München/AS MonacoDänemark7
50%
1.Igor BelanovFC Dynamo KiewSowjetunion84
41%
21.Kenny DalglishFC LiverpoolSchottland3
36%
10.Alessandro AltobelliInter MailandItalien9
27%
16.Rinat DasayevFC Spartak MoskauSowjetunion5
27%
21.Jean TiganaFC Girondins BordeauxFrankreich3
23%
17.Luis FernándezParis Saint-Germain/RC LensFrankreich4
23%
4.Manuel AmorosAS MonacoFrankreich22
23%
4.Preben ElkjaerHellas VeronaDänemark22
23%
3.Emilio ButragenoReal MadridSpanien59
18%
13.Jan CeulemansClub BrüggeBelgien7
14%
17.Paulo FutreFC PortoPortugal4
14%
6.Oleksandr ZavarovFC Dynamo KiewSowjetunion20
9%
8.Helmuth DuckadamSteaua Bukarest/Vagonul AradRumänien10
5%
21.Pavlo YakovenkoFC Dynamo KiewSowjetunion3
0%

Verteilung der Resultate

Perzentil nach korrekt beantworteten Fragen

Anzahl Personen mit jedem Resultat

Ihre Resultats-Entwicklung

Sie haben dieses Quiz noch nicht gespielt